Nghĩ từ công việc dạy văn

Phương pháp hiểu, cách nhìn nhận nội dung tư tưởng trước một trang văn. Quan niệm về tập làm văn...

Сохранить в:
Библиографические подробности
Главный автор: Đỗ Kim Hồi (Tác giả)
Формат:
Язык:Vietnamese
Опубликовано: H. Giáo dục 1997
Предметы:
Метки: Добавить метку
Нет меток, Требуется 1-ая метка записи!
Thư viện lưu trữ: Mạng thư viện Đại học Đà Nẵng
LEADER 01231nam a22003618a 4500
001 000014214
003 10573
005 20120423100423.0
008 120423s1997 b 000 0 od
020 |c 13400đ  |d 4500b 
041 0 |a 9806 
041 0 |a vie 
080 |a 371.01 
082 |a 373.1  |b ĐÔ-H 
084 |a U426.21  |b NGH000ĩ 
100 1 |a Đỗ Kim Hồi  |e Tác giả 
245 1 0 |a Nghĩ từ công việc dạy văn  |c Đỗ Kim Hồi 
260 |a H.  |b Giáo dục  |c 1997 
300 |a 216tr : hình vẽ  |c 21cm 
520 |a Phương pháp hiểu, cách nhìn nhận nội dung tư tưởng trước một trang văn. Quan niệm về tập làm văn... 
653 |a Phương pháp giảng dạy 
653 |a văn học 
653 |a sách giáo viên 
OWN |a LSP 
AVA |a UDN50  |b LSP  |d 373.1 ĐÔ-H  |e available  |t Error 5001 Not defined in file expand_doc_bib_avail.  |f 2  |g 0  |h N  |i 0  |k 1 
999 |a From the UDN01 
AVA |a UDN50  |b LSP  |d 373.1 ĐÔ-H  |e available  |t Error 5001 Not defined in file expand_doc_bib_avail.  |f 2  |g 0  |h N  |i 0  |k 1 
TYP |a Monograph 
TYP |a Printed language 
980 |a Mạng thư viện Đại học Đà Nẵng